| 000 | 00553nam a2200181Ia 4500 | ||
|---|---|---|---|
| 008 | 090630s9999 xx 000 0 und d | ||
| 082 | _b17541 | ||
| 100 | _aमंत्री रमेश. | ||
| 245 |
_aमहानगर. _cमंत्री रमेश. |
||
| 260 | _bउत्कर्ष - पुणे. | ||
| 300 | _a0 | ||
| 600 | _aमंत्री रमेश. | ||
| 630 | _aमहानगर. | ||
| 655 | _aकादंबरी. | ||
| 700 | _aमंत्री रमेश. | ||
| 730 | _aमहानगर. | ||
| 942 | _cBOOK | ||
| 999 |
_c269397 _d269397 |
||